Culture, Disease and Healing ; (Record no. 8273)

MARC details
000 -LEADER
fixed length control field 00505nam a22001577a 4500
008 - FIXED-LENGTH DATA ELEMENTS--GENERAL INFORMATION
fixed length control field 190814b ||||| |||| 00| 0 eng d
020 ## - INTERNATIONAL STANDARD BOOK NUMBER
International Standard Book Number 0023673907
082 ## - DEWEY DECIMAL CLASSIFICATION NUMBER
Classification number 305 LAN
245 ## - TITLE STATEMENT
Title Culture, Disease and Healing ;
Remainder of title Studies in Medical anthropology.
260 ## - PUBLICATION, DISTRIBUTION, ETC.
Place of publication, distribution, etc. New York :
Name of publisher, distributor, etc. Macmillan,
Date of publication, distribution, etc. 1977.
300 ## - PHYSICAL DESCRIPTION
Extent xv, 559 p. :
Other physical details ill. ;
Dimensions 26 cm.
500 ## - GENERAL NOTE
General note <br/>Bibliography: p. 519-559.
650 ## - SUBJECT ADDED ENTRY--TOPICAL TERM
Topical term or geographic name entry element Medical anthropology. Traditional medicine. Social medicine.
700 ## - ADDED ENTRY--PERSONAL NAME
Personal name Landy, David
942 ## - Added entry Elements (Koha)
Source of classification or shelving scheme Dewey Decimal Classification
Holdings
Withdrawn status Lost status Source of classification or shelving scheme Damaged status Not for loan Collection code Home library Current library Shelving location Date acquired Serial Enumeration / chronology Total Checkouts Total Renewals Full call number Barcode Date last seen Date last checked out Price effective from Koha item type
    Dewey Decimal Classification     Main TEST RTC Library RTC Library Main opac 14/08/2019 14256 1 1 305 LAN 30014553 12/01/2022 08/04/2021 14/08/2019 Main
Royal Thimphu College || All Right Reserved